Ngữ pháp Pali

Bewaard in:
Bibliografische gegevens
Formaat: Boek
Taal:Undetermined
Gepubliceerd in: H.
Tags: Voeg label toe
Geen labels, Wees de eerste die dit record labelt!
Thư viện lưu trữ: Trung tâm Học liệu Trường Đại học Cần Thơ
LEADER 00310nam a2200121Ia 4500
001 CTU_151692
008 210402s9999 xx 000 0 und d
020 |c 20000 
082 |a 495.93282 
082 |b Ng550 
245 0 |a Ngữ pháp Pali 
260 |a H. 
980 |a Trung tâm Học liệu Trường Đại học Cần Thơ